000 00714cam a2200145 4500500
005 20260111090600.0
041 _afre
042 _adc
100 1 0 _aMambrino, Jean
_eauthor
245 0 0 _aWalter Scott, « Wawerley » et autres romans, Wawerley, Le Nain noir, Le Cœur de Mid-Lothian. Traduit de l’anglais par Henri Suhamy, Alain Jumeau et Sylvère Monod. Ed. établie sous la direction de Jean-Yves Tadié et Sylvère Monod. Gallimard, Bibliothèque de la Pléiade, 2003, 1 584 pages, 62,5 €
260 _c2003.
500 _a9
786 0 _nÉtudes | 399 | 7 | 2003-07-01 | p. 129a-143a | 0014-1941
856 4 1 _uhttps://shs.cairn.info/revue-etudes-2003-7-page-129a?lang=fr&redirect-ssocas=7080
999 _c1619184
_d1619184